La ciencia de la felicidad (Record no. 4499)

MARC details
000 -CABECERA
campo de control de longitud fija 02659nam a22002657a 4500
008 - DATOS DE LONGITUD FIJA--INFORMACIÓN GENERAL
campo de control de longitud fija 250217b |||||||| |||| 00| 0 eng d
020 ## - NÚMERO INTERNACIONAL ESTÁNDAR DEL LIBRO
Número Internacional Estándar del Libro 9788417694272
040 ## - FUENTE DE LA CATALOGACIÓN
Centro/agencia transcriptor tbs
041 ## - CÓDIGO DE LENGUA
Código de lengua del texto/banda sonora o título independiente spa
041 ## - CÓDIGO DE LENGUA
Código de lengua original eng
050 ## - SIGNATURA TOPOGRÁFICA DE LA BIBLIOTECA DEL CONGRESO
Número de clasificación BF575.H27
Número de documento/Ítem L98 2008
100 ## - ENTRADA PRINCIPAL--NOMBRE DE PERSONA
Nombre de persona Lyubomirsky, Sonja
9 (RLIN) 24749
Término indicativo de función/relación author
240 ## - TÍTULO UNIFORME
Título uniforme The how of happiness.
Lenguaje de la obra Spanish.
245 ## - MENCIÓN DE TÍTULO
Título La ciencia de la felicidad
Resto del título : un método probado para conseguir el bienestar
Mención de responsabilidad, etc. / Sonja Lyubomirsky ; translated by Alejandra Devoto Carnicero.
250 ## - MENCIÓN DE EDICIÓN
Mención de edición Fourth edition.
260 ## - PUBLICACIÓN, DISTRIBUCIÓN, ETC.
Lugar de publicación, distribución, etc. Madrid :
Nombre del editor, distribuidor, etc. Ediciones Urano,
Fecha de publicación, distribución, etc. 2008.
300 ## - DESCRIPCIÓN FÍSICA
Extensión 405 pages ;
Otras características físicas illustrations, charts (black and white) ;
Dimensiones 23 cm.
520 ## - SUMARIO, ETC.
Sumario, etc. Un método probado para conseguir una vida plena y feliz.<br/>Con La ciencia de la felicidad, la investigadora y profesora de psicología Sonja Lyubomirsky presenta el primer programa para incrementar la felicidad de las personas basado en investigaciones científicas. Sus estudios demuestran que, pese a lo que solemos pensar, la felicidad personal no depende de factores como el dinero, el trabajo, la pareja o la juventud. En realidad, sólo un diez por ciento en términos de felicidad se apoya en circunstancias externas. La capacidad para la felicidad es innata en un cincuenta por ciento, pero el cuarenta por ciento restante se atribuye a lo que hacemos y a lo que pensamos; esto es, a nuestras actividades intencionadas y a nuestras estrategias mentales. Por eso, todos y cada uno de nosotros poseemos aún un amplio potencial para la dicha y el bienestar al que podemos acceder si ponemos en práctica los ejercicios y las estrategias propuestos en este libro.
520 ## - SUMARIO, ETC.
Sumario, etc. A Proven Method for Achieving a Fulfilling and Happy Life.<br/>In The How of Happiness, researcher and psychology professor Sonja Lyubomirsky presents the first scientifically-backed program designed to increase personal happiness.<br/><br/>Her studies reveal that, contrary to common belief, happiness does not depend on factors like money, work, relationships, or youth. In fact, only 10% of our happiness is influenced by external circumstances. While 50% of our happiness is determined by innate genetic factors, the remaining 40% is shaped by our actions and thoughts—that is, our intentional activities and mental strategies.<br/><br/>This means that each of us still holds a vast potential for joy and well-being, which we can unlock by practicing the exercises and strategies outlined in this book.
650 #0 - PUNTO DE ACCESO ADICIONAL DE MATERIA--TÉRMINO DE MATERIA
Término de materia o nombre geográfico como elemento de entrada Happiness
9 (RLIN) 9380
650 #0 - PUNTO DE ACCESO ADICIONAL DE MATERIA--TÉRMINO DE MATERIA
Término de materia o nombre geográfico como elemento de entrada Attitude (Psychology)
9 (RLIN) 11002
650 #0 - PUNTO DE ACCESO ADICIONAL DE MATERIA--TÉRMINO DE MATERIA
Término de materia o nombre geográfico como elemento de entrada Self-actualization (Psychology)
9 (RLIN) 7023
700 ## - ENTRADA AGREGADA--NOMBRE PERSONAL
Nombre de persona Devoto Carnicero, Alejandra
9 (RLIN) 24750
Término indicativo de función/relación translator
942 ## - ELEMENTOS DE ENTRADA AGREGADA (KOHA)
Fuente del sistema de clasificación o colocación Clasificación de Library of Congress
Holdings
Estado de retiro Estado de pérdida Fuente del sistema de clasificación o colocación Estado dañado No para préstamo Biblioteca de origen Biblioteca actual Fecha de adquisición Total de préstamos Signatura topográfica completa Código de barras Fecha visto por última vez Número de copia Precio válido a partir de Tipo de ítem Koha Nota pública
    Clasificación de Library of Congress     TBS Barcelona TBS Barcelona 17/02/2025   BF575 LYU B05947 17/02/2025 1 17/02/2025 Book WELL COLLECTION

Powered by Koha